[Event "Bundesliga 9899"]
[Site "Germany"]
[Date "1999.02.21"]
[Round "11.8"]
[White "Chandler, Murray G"]
[Black "Plump, Detlef"]
[Result "1/2-1/2"]
[WhiteElo "2520"]
[BlackElo "2231"]
[PlyCount "165"]
[EventDate "1998.10.17"]
[EventType "team-tourn"]
[EventRounds "15"]
[EventCountry "GER"]
[SourceTitle "GER-chT"]
[Source "ChessBase"]
[SourceDate "1999.07.01"]
[SourceVersion "1"]
[SourceVersionDate "1999.07.01"]
[SourceQuality "1"]
[WhiteTeam "Solingen"]
[BlackTeam "Delmenhorst"]
[WhiteTeamCountry "GER"]
[BlackTeamCountry "GER"]

1. e4 c5 2. Nf3 e6 3. d4 cxd4 4. Nxd4 a6 5. Bd3 Nf6 6. 0-0 Qc7 7. Qe2 d6 8. c4 Nc6 9. Nxc6 bxc6 10. Nc3 Be7 11. Bg5 h6 12. Bd2 e5 13. Rae1 0-0 14. Kh1 Bb7 15. Bb1 Rad8 16. f4 Rfe8 17. fxe5 dxe5 18. c5 Bc8 19. Be3 a5 20. Bd3 Bg4 21. Qc2 Be6 22. Na4 Rb8 23. b3 Nd7 24. Be2 Red8 25. Rb1 Rb7 26. Bc1 Nf8 27. Be3 Rbb8 28. a3 Rb7 29. b4 axb4 30. axb4 Ra8 31. Nb6 Ra2 32. Rb2 Rba7 33. Nc4 Ra1 34. Na5 Rxf1+ 35. Bxf1 Nd7 36. Rb1 Ra8 37. Bg1 Rb8 38. Nc4 Ra8 39. h3 Ra7 40. Bh2 Ra8 41. Qc3 Bf6 42. Ra1 Qb8 43. Rxa8 Qxa8 44. Na5 Bd8 45. Bd3 g6 46. Bg1 Bc7 47. Be3 Kh7 48. Qd2 h5 49. Qc3 Kg8 50. Bg5 Kf8 51. Bh4 Ke8 52. Bf2 Kf8 53. Bh4 Ke8 54. Bc2 Kf8 55. Kg1 Nb8 56. Qd2 Nd7 57. Bf2 Kg8 58. Qc3 Kf8 59. Be1 Kg8 60. Bh4 Kf8 61. Bd3 f6 62. Bf2 Ke7 63. Qd2 Bf7 64. Be2 Nf8 65. Kh2 Ne6 66. Kh1 Ng5 67. Bd3 Ne6 68. Qc3 Nf4 69. Bf1 Ne6 70. Be3 Nf4 71. Qa3 Ne6 72. Qa4 Be8 73. Bc4 Bd7 74. Qc2 Nd8 75. Qd2 Be6 76. Be2 Bf7 77. Bd1 Qa6 78. Be2 Qa8 79. Qc3 Ne6 80. Bf1 Nd8 81. Bd3 Ne6 82. Qa1 Be8 83. Qc3 1/2-1/2

[Event "Oberliga Nord W 9899"]
[Site "Germany"]
[Date "1999.01.31"]
[Round "5.2"]
[White "Karges, Dieter"]
[Black "Plump, Detlef"]
[Result "1-0"]
[WhiteElo "2205"]
[BlackElo "2235"]
[PlyCount "59"]
[EventDate "1998.10.??"]
[EventType "team"]
[EventRounds "9"]
[EventCountry "GER"]
[SourceTitle "EXT 2003"]
[Source "ChessBase"]
[SourceDate "2002.11.25"]
[SourceVersion "1"]
[SourceVersionDate "2002.11.25"]
[SourceQuality "1"]
[WhiteTeam "Braunschweig SF"]
[BlackTeam "Delmenhorst II"]
[WhiteTeamCountry "GER"]
[BlackTeamCountry "GER"]

1. e4 c5 2. Nf3 e6 3. d4 cxd4 4. Nxd4 a6 5. Bd3 Nf6 6. 0-0 Qc7 7. c4 g6 8. Nb3 d6 9. Bf4 Nbd7 10. Nc3 Ne5 11. Rc1 b6 12. Be2 Bb7 13. f3 Bg7 14. Qd2 0-0 15. Rfd1 Rfd8 16. Be3 Rab8 17. h3 Bf8 18. Qd4 Ned7 19. Nd5 exd5 20. cxd5 Nc5 21. Qxf6 Bg7 22. Qg5 Bxb2 23. Nd4 Bxc1 24. Rxc1 f6 25. Qxf6 Qf7 26. Qg5 Rf8 27. Nf5 Qf6 28. Qg3 Qb2 29. Bf1 Rbe8 30. Bd4 1-0

[Event "BL2-Nord 9798"]
[Site "Germany"]
[Date "1998.??.??"]
[Round "9.8"]
[White "Lindner, Daniel"]
[Black "Plump, Detlef"]
[Result "1/2-1/2"]
[WhiteElo "2200"]
[BlackElo "2255"]
[PlyCount "46"]
[EventDate "1997.10.??"]
[EventType "team-tourn"]
[EventRounds "9"]
[EventCountry "GER"]
[SourceTitle "EXT 1999"]
[Source "ChessBase"]
[SourceDate "1998.11.16"]
[SourceVersion "1"]
[SourceVersionDate "1998.11.16"]
[SourceQuality "1"]
[WhiteTeam "Hamburg Koenigsspringer"]
[BlackTeam "Delmenhorst"]
[WhiteTeamCountry "GER"]
[BlackTeamCountry "GER"]

1. d4 Nf6 2. Nf3 e6 3. Bf4 b6 4. e3 Bb7 5. Bd3 c5 6. Nbd2 Be7 7. h3 Nc6 8. c3 cxd4 9. exd4 0-0 10. Qe2 d6 11. 0-0-0 Re8 12. Ne4 Nxe4 13. Qxe4 g6 14. Bh6 Qc7 15. Qe3 Nb4 16. Kb1 Nxd3 17. Rxd3 e5 18. Rdd1 Bf6 19. dxe5 dxe5 20. h4 Rad8 21. h5 Rxd1+ 22. Rxd1 Rd8 23. Re1 Bxf3 1/2-1/2

[Event "Berliner Sommer 15th"]
[Site "Berlin"]
[Date "1997.??.??"]
[Round "4"]
[White "Nisipeanu, Liviu Dieter"]
[Black "Plump, Detlef"]
[Result "1-0"]
[WhiteElo "2600"]
[BlackElo "2255"]
[PlyCount "47"]
[EventDate "1997.08.??"]
[EventType "swiss"]
[EventRounds "9"]
[EventCountry "GER"]
[SourceTitle "CBM 059 Extra"]
[Source "ChessBase"]
[SourceDate "1997.09.26"]
[SourceVersion "1"]
[SourceVersionDate "1997.09.26"]
[SourceQuality "1"]

1. e4 c5 2. Nf3 e6 3. Nc3 a6 4. d4 cxd4 5. Nxd4 Qc7 6. Be2 Nf6 7. 0-0 Nc6 8. Kh1 Bb4 9. Bg5 Bxc3 10. Bxf6 gxf6 11. bxc3 d6 12. Qd2 h5 13. Rad1 Bd7 14. Qf4 Ke7 15. Qh4 Rag8 16. f4 Nxd4 17. cxd4 Qxc2 18. Bf3 Rh6 19. f5 e5 20. dxe5 dxe5 21. Qe1 Qc5 22. Qd2 Bb5 23. Qxh6 Bxf1 24. Rxf1 1-0

[Event "Berliner Sommer 15th"]
[Site "Berlin"]
[Date "1997.??.??"]
[Round "5"]
[White "Plump, Detlef"]
[Black "Guenther, Thomas"]
[Result "1-0"]
[WhiteElo "2255"]
[BlackElo "2088"]
[PlyCount "83"]
[EventDate "1997.08.??"]
[EventType "swiss"]
[EventRounds "9"]
[EventCountry "GER"]
[SourceTitle "CBM 059 Extra"]
[Source "ChessBase"]
[SourceDate "1997.09.26"]
[SourceVersion "1"]
[SourceVersionDate "1997.09.26"]
[SourceQuality "1"]

1. e4 c5 2. Nf3 Nc6 3. d4 cxd4 4. Nxd4 Qb6 5. Nb3 Nf6 6. Nc3 e6 7. Be3 Qc7 8. Bd3 a6 9. f4 d6 10. Qf3 Be7 11. 0-0-0 0-0 12. g4 Nb4 13. g5 Nxd3+ 14. cxd3 Nd7 15. Kb1 Nc5 16. f5 Nxb3 17. axb3 Re8 18. f6 Bf8 19. Bd4 b5 20. Rc1 Qb7 21. fxg7 Bxg7 22. Bxg7 Kxg7 23. Qf6+ Kg8 24. e5 d5 25. Ne2 Qe7 26. Qf4 Bb7 27. Ng3 Kh8 28. Nh5 Rec8 29. Nf6 Qf8 30. Nh5 Qe7 31. Rhf1 Rxc1+ 32. Rxc1 Rc8 33. Rf1 Kg8 34. Nf6+ Kg7 35. Qh4 Qc7 36. Qxh7+ Kf8 37. d4 a5 38. Qd3 Ba6 39. g6 a4 40. Rg1 axb3 41. g7+ Ke7 42. Qxb3 1-0

[Event "BL2-Nord 9798"]
[Site "Germany"]
[Date "1997.??.??"]
[Round "2.8"]
[White "Plump, Detlef"]
[Black "Sommerfeld, Armin"]
[Result "1/2-1/2"]
[WhiteElo "2255"]
[BlackElo "2230"]
[PlyCount "46"]
[EventDate "1997.10.??"]
[EventType "team-tourn"]
[EventRounds "9"]
[EventCountry "GER"]
[SourceTitle "EXT 1999"]
[Source "ChessBase"]
[SourceDate "1998.11.16"]
[SourceVersion "1"]
[SourceVersionDate "1998.11.16"]
[SourceQuality "1"]
[WhiteTeam "Delmenhorst"]
[BlackTeam "Hamburger SG BUE"]
[WhiteTeamCountry "GER"]
[BlackTeamCountry "GER"]

1. e4 d6 2. d4 Nf6 3. Nc3 g6 4. Nf3 Bg7 5. h3 0-0 6. Be3 Nc6 7. Bd3 e5 8. dxe5 dxe5 9. 0-0 Re8 10. Qc1 Nd4 11. Nd2 Nh5 12. Nb3 c6 13. Rd1 Qc7 14. Bf1 Ne6 15. g3 f5 16. Bh6 Bxh6 17. Qxh6 f4 18. g4 Nhg7 19. a4 Qe7 20. Bc4 Kh8 21. Rd3 Ng5 22. h4 Be6 23. hxg5 Bxc4 1/2-1/2